000 00522nam a2200181Ia 4500
008 140626s9999 xx 000 0 und d
100 _aVan Leuven, Karen.
245 _aPopulation aging :
_bimplications for nurse practitioners /
_cKaren Van Leuven.
260 _cc2012.
300 _a8 : 7, page 554
440 _aThe Journal for Nurse Practitioners (JNP)
521 _aNUR
650 _aChronic care model.
650 _aChronic disease.
650 _aGeriatrics.
650 _aPopulation aging.
942 _cSE
999 _c121429
_d121429